| 000 -CABECERA |
| Campo de control de longitud fija |
01658nam a22003137a 4500 |
| 003 - IDENTIFICADOR DEL NÚMERO DE CONTROL |
| Campo de control |
OSt |
| 005 - FECHA Y HORA DE LA ÚLTIMA TRANSACCIÓN |
| Campo de control |
20260625112336.0 |
| 008 - CÓDIGOS DE INFORMACIÓN DE LONGITUD FIJA |
| Campo de control de longitud fija |
260625t2025 xxu||||| |||| 00| 0 spa d |
| 040 ## - FUENTE DE LA CATALOGACIÓN |
| Centro catalogador de origen |
Unicoc |
| Lengua de catalogación |
spa |
| Centro que cataloga |
Bogotá (Dr. David Ordóñez Rueda) - Campus Norte |
| Centro modificador |
Bogotá (Dr. David Ordóñez Rueda) - Campus Norte |
| 082 ## - NÚMERO DE LA CLASIFICACIÓN DECIMAL DEWEY |
| Número de clasificación |
371.33 |
| 100 ## - PUNTO DE ACCESO PRINCIPAL - NOMBRE DE PERSONA |
| 9 (RLIN) |
13134 |
| Nombre de persona |
Rey Valzacchi, Jorge |
| 245 ## - MENCIÓN DE TÍTULO |
| Título |
STEAM y el futuro del aprendizaje con IA |
| Subtitulo o Resto del título |
: metodologías disruptivas para desarrollar habilidades del siglo XXI |
| Mención de responsabilidad etc. |
/ Jorge Rey Valzacchi |
| 250 ## - MENCIÓN DE EDICIÓN |
| Mención de edición |
1 Ed. |
| 260 ## - PUBLICATION, DISTRIBUTION, ETC. (IMPRINT) |
| Lugar de publicación distribución etc. |
Argentina : |
| Nombre del editor distribuidor etc. |
Instituto Latinoamericano de Desarrollo Profesional Docente , |
| Fecha de publicación distribución etc. |
2025. |
| 300 ## - DESCRIPCIÓN FÍSICA |
| Extensión |
130 páginas |
| Otras características físicas |
Ilustraciones, diagramas, tablas |
| 440 ## - MENCIÓN DE SERIE |
| 9 (RLIN) |
13135 |
| Título |
Aprende Virtual |
| 500 ## - NOTA GENERAL |
| Nota general |
Incluye bibliografía |
| 505 ## - NOTA DE CONTENIDO CON FORMATO |
| Título |
Parte I: Fundamentos de STEAM en la educación. -- |
| -- |
Parte II: Inteligencia Artificial en la educación STEAM. -- |
| -- |
Parte III: Herramientas y plataformas para la enseñanza STEAM con IA. -- |
| -- |
Parte IV: STEAM y su impacto en diferentes contextos educativos. -- |
| -- |
Parte V: Futuro y tendencias de STEAM en la era de la IA. -- |
| -- |
Parte VI: Proyectos STEAM en Acción. |
| 526 ## - NOTA DE INFORMACIÓN SOBRE EL PROGRAMA DE ESTUDIO |
| Institución que aplica el campo |
Unicoc |
| 546 ## - NOTA DE LENGUA |
| Nota de lengua |
Español |
| 650 #0 - PUNTO DE ACCESO ADICIONAL DE MATERIA - TÉRMINO DE MATERIA |
| 9 (RLIN) |
13149 |
| Término de materia o nombre geográfico como elemento inicial |
Educación STEAM |
| 650 #0 - PUNTO DE ACCESO ADICIONAL DE MATERIA - TÉRMINO DE MATERIA |
| 9 (RLIN) |
13155 |
| Término de materia o nombre geográfico como elemento inicial |
Transformación digital en la educación |
| 650 #0 - PUNTO DE ACCESO ADICIONAL DE MATERIA - TÉRMINO DE MATERIA |
| 9 (RLIN) |
13150 |
| Término de materia o nombre geográfico como elemento inicial |
Aprendizaje basado en proyectos |
| 650 #0 - PUNTO DE ACCESO ADICIONAL DE MATERIA - TÉRMINO DE MATERIA |
| 9 (RLIN) |
13154 |
| Término de materia o nombre geográfico como elemento inicial |
Plataformas digitales educativas |
| 650 #0 - PUNTO DE ACCESO ADICIONAL DE MATERIA - TÉRMINO DE MATERIA |
| 9 (RLIN) |
13152 |
| Término de materia o nombre geográfico como elemento inicial |
Habilidades digitales |
| Subdivisión de forma |
Competencias del siglo XXI |
| 650 #0 - PUNTO DE ACCESO ADICIONAL DE MATERIA - TÉRMINO DE MATERIA |
| 9 (RLIN) |
13153 |
| Término de materia o nombre geográfico como elemento inicial |
Robótica educativa |
| 856 ## - LOCALIZACIÓN Y ACCESO ELECTRÓNICOS |
| Texto del enlace |
Acceso online exclusivo para comunidad Unicoc. |
| Identificador Uniforme del Recurso (URI) |
https://unicoceduco-my.sharepoint.com/:b:/g/personal/direccionbiblioteca_unicoc_edu_co/IQBGY72LDdu-S4GTOgibNdofAUq225Gdstbe73oxpzwHJPQ |
| 942 ## - ENTRADA PARA ELEMENTOS AGREGADOS (KOHA) |
| Fuente de clasificación o esquema de ordenación en estanterías |
|
| Koha [por defecto] tipo de item |
Libro electrónico |